Oppression within oppression : (Record no. 925)

MARC details
000 -LEADER
fixed length control field 004570000a22001570004500
005 - DATE AND TIME OF LATEST TRANSACTION
control field 20240503145038.0
008 - FIXED-LENGTH DATA ELEMENTS--GENERAL INFORMATION
fixed length control field 230817t ||||| |||| 00| 0 eng d
082 ## - DEWEY DECIMAL CLASSIFICATION NUMBER
Classification number 305.486
Item number HEN
942 ## - ADDED ENTRY ELEMENTS (KOHA)
Item Type Reference
100 ## - MAIN ENTRY--PERSONAL NAME
Personal Name Hensman, Rohini
245 ## - TITLE STATEMENT
Title Oppression within oppression :
Sub Title The dilemma of Muslim women in India
260 ## - PUBLICATION, DISTRIBUTION, ETC. (IMPRINT)
Place of Publication Grables :
Name of Publisher Women living under Muslim laws,
Date of Copyright 1987
300 ## - PHYSICAL DESCRIPTION
Extent 27 p.
440 ## - SERIES STATEMENT/ADDED ENTRY--TITLE
Title Working paper
Volume No.1
650 ## - SUBJECT ADDED ENTRY--TOPICAL TERM
Topical Term MUSLIM WOMEN-India
Holdings
Withdrawn status Lost status Source of classification or shelving scheme Damaged status Not for loan Permanent location Current location Date acquired Total Checkouts Full call number Barcode Date last seen Price effective from Koha item type
    Dewey Decimal Classification     Resource center, Muslim Women's Research And Action Forum Resource center, Muslim Women's Research And Action Forum 2023-11-02   305.486 HEN RAF2606 2023-11-02 2023-11-02 Reports
    Dewey Decimal Classification     Resource center, Muslim Women's Research And Action Forum Resource center, Muslim Women's Research And Action Forum 2024-05-03   305.486 HEN RAF3731 2024-05-03 2024-05-03 Reports

Copyright © 2023 Muslim Women's Research and Action Forum (MWRAF), No 27/3, Anderson Road, Kalubowila, Dehiwela. Funded by The Asia Fundation